Medical Theories on Malefic Possession: From Bewitchment to Anti-NMDAR Encephalitis
Following a diagnostic trajectory that begins with early English cases of bewitchment and becomes hysteria, this article suggests that the new diagnostic category of anti-NMDAR encephalitis provides the best promise of finding a medical reason for the resiliency of some of the severe suffering alleg...
| Autore principale: | |
|---|---|
| Tipo di documento: | Elettronico Articolo |
| Lingua: | Inglese |
| Verificare la disponibilità: | HBZ Gateway |
| Interlibrary Loan: | Interlibrary Loan for the Fachinformationsdienste (Specialized Information Services in Germany) |
| Pubblicazione: |
2012
|
| In: |
Journal of religion in Europe
Anno: 2012, Volume: 5, Fascicolo: 3, Pagine: 323-348 |
| Altre parole chiave: | B
Possession
witchcraft
hysteria
anti-NMDAR encephalitis
early modern England
|
| Accesso online: |
Volltext (Publisher) |
MARC
| LEADER | 00000caa a22000002c 4500 | ||
|---|---|---|---|
| 001 | 1561868434 | ||
| 003 | DE-627 | ||
| 005 | 20220604141159.0 | ||
| 007 | cr uuu---uuuuu | ||
| 008 | 170808s2012 xx |||||o 00| ||eng c | ||
| 024 | 7 | |a 10.1163/18748929-00503001 |2 doi | |
| 035 | |a (DE-627)1561868434 | ||
| 035 | |a (DE-576)49186843X | ||
| 035 | |a (DE-599)BSZ49186843X | ||
| 040 | |a DE-627 |b ger |c DE-627 |e rakwb | ||
| 041 | |a eng | ||
| 084 | |a 0 |2 ssgn | ||
| 100 | 1 | |a Uszkalo, Kirsten C. |4 aut | |
| 245 | 1 | 0 | |a Medical Theories on Malefic Possession: From Bewitchment to Anti-NMDAR Encephalitis |
| 264 | 1 | |c 2012 | |
| 300 | |a Online-Ressource | ||
| 336 | |a Text |b txt |2 rdacontent | ||
| 337 | |a Computermedien |b c |2 rdamedia | ||
| 338 | |a Online-Ressource |b cr |2 rdacarrier | ||
| 520 | |a Following a diagnostic trajectory that begins with early English cases of bewitchment and becomes hysteria, this article suggests that the new diagnostic category of anti-NMDAR encephalitis provides the best promise of finding a medical reason for the resiliency of some of the severe suffering allegedly caused by malefic possession in early modern England. | ||
| 650 | 4 | |a Possession |x witchcraft |x hysteria |x anti-NMDAR encephalitis |x early modern England | |
| 773 | 0 | 8 | |i In |t Journal of religion in Europe |d Leiden : Brill, 2008 |g 5(2012), 3, Seite 323-348 |h Online-Ressource |w (DE-627)56131666X |w (DE-600)2418313-1 |w (DE-576)294350489 |x 1874-8929 |7 nnas |
| 773 | 1 | 8 | |g volume:5 |g year:2012 |g number:3 |g pages:323-348 |
| 856 | 4 | 0 | |u http://dx.doi.org/10.1163/18748929-00503001 |x Verlag |3 Volltext |7 1 |
| 935 | |a mteo | ||
| 951 | |a AR | ||
| ELC | |a 1 | ||
| ITA | |a 1 |t 1 | ||
| LOK | |0 000 xxxxxcx a22 zn 4500 | ||
| LOK | |0 001 297672394X | ||
| LOK | |0 003 DE-627 | ||
| LOK | |0 004 1561868434 | ||
| LOK | |0 005 20170808150419 | ||
| LOK | |0 008 170808||||||||||||||||ger||||||| | ||
| LOK | |0 040 |a DE-Tue135 |c DE-627 |d DE-Tue135 | ||
| LOK | |0 092 |o n | ||
| LOK | |0 852 |a DE-Tue135 | ||
| LOK | |0 852 1 |9 00 | ||
| LOK | |0 935 |a bril | ||
| LOK | |0 939 |a 08-08-17 |b l01 | ||
| ORI | |a SA-MARC-ixtheoa001.raw | ||
| REL | |a 1 | ||
| SUB | |a REL | ||